000 00513nam a2200193Ia 4500
003 GCL
008 140319s9999 xx 000 0 eng d
040 _aGCL /
_cGCL
082 0 4 _a541.3
_bF I
100 1 _aFINDLY ALEXANDER
245 1 0 _aINTRODUCTION TO PHYSICAL CHEMISTRY /
_cFINDLY ALEXANDER
700 1 _aF.R.S, H.W. MELVILE
260 _a[S.N] :
_bLONGMANS, GREEN AND CO ،
_c1953
300 _a592 P
650 0 4 _aPHYSICIANS
650 0 4 _aCHEMISTRY
650 0 4 _aPHYSICAL CHEMISTRY
942 _2ddc
_cBK
999 _c14467
_d14467